| 000 | 01619cam a22004214a 4500 | ||
|---|---|---|---|
| 999 |
_c531459 _d531459 |
||
| 001 | 14185071 | ||
| 003 | NUST | ||
| 005 | 20191017103007.0 | ||
| 008 | 051130s2006 enka b 001 0 eng | ||
| 010 | _a 2005034778 | ||
| 015 |
_aGBA621238 _2bnb |
||
| 016 | 7 |
_a013397483 _2Uk |
|
| 020 | _a075464586X (alk. paper) | ||
| 035 | _a(OCoLC)ocm62430794 | ||
| 038 | _aMSOHAIL | ||
| 040 |
_aDLC _cDLC _dUKM _dBAKER _dBWKUK _dNLGGC _dYDXCP _dOCLCQ _dDLC |
||
| 042 | _apcc | ||
| 050 | 0 | 0 |
_aHT166 _b.E94 2006 |
| 082 | 0 | 0 |
_a307.1216 _222 |
| 084 |
_a74.72 _2bcl |
||
| 245 | 0 | 0 |
_aEvaluation in planning : _bevolution and prospects / _cedited by E.R. Alexander. |
| 260 |
_aAldershot, England ; _aBurlington, VT : _bAshgate Pub., _cc2006. |
||
| 300 |
_axvi, 293 p. : _bill. ; _c24 cm. |
||
| 490 | 1 | _aUrban and regional planning and development series | |
| 500 | _a"Contributions in honor of Nathaniel Lichfield." | ||
| 504 | _aIncludes bibliographical references and index. | ||
| 650 | 0 |
_aCity planning _xEvaluation. _924162 |
|
| 650 | 0 |
_aCity planning _xHistory. _924163 |
|
| 650 | 0 |
_aCity planning _xCost effectiveness. _924164 |
|
| 650 | 0 |
_aCity planning _xEnvironmental aspects. _9929 |
|
| 650 | 0 |
_aCity planning _xSocial aspects. _924165 |
|
| 700 | 1 |
_aAlexander, Ernest R. _924166 |
|
| 830 | 0 |
_aUrban and regional planning and development. _923574 |
|
| 856 | 4 | 1 |
_3Table of contents _uhttp://www.loc.gov/catdir/toc/ecip064/2005034778.html |
| 906 |
_a7 _bcbc _corignew _d1 _eecip _f20 _gy-gencatlg |
||
| 942 |
_2ddc _cBK |
||